| 000 | 00817nam a2200229Ia 4500 | ||
|---|---|---|---|
| 003 | CO-CtgCURN | ||
| 005 | 20250408231440.0 | ||
| 008 | 190723s9999 xx 000 0 und d | ||
| 020 | _a968166695X | ||
| 040 |
_aCO-CtgCURN _bspa _ccoctgcurn |
||
| 082 |
_a345 _bT312 |
||
| 100 | _aTenorio Tagle, Fernando | ||
| 245 | 0 |
_aCiudades seguras III : _bel sistema de justicia penal en la ciudad de México / _cFernando Tenorio Tagle |
|
| 260 |
_aMéxico : _bUniversidad Autonoma Metropolitana, _c2002 |
||
| 300 |
_a168 páginas ; _c23 centímetros |
||
| 521 | _aAREA PROFESIONAL | ||
| 590 | _aPrograma de Derecho_18 | ||
| 650 | _aJusticia penal | ||
| 942 |
_cBK _h345 _iT312 _2ddc _n0 |
||
| 999 |
_c28734 _d28734 |
||